The credit risk of complex derivatives /

Derivatives and risk. The credit risk of complex options. The credit risk of complex swaps. The credit risk management of derivative exposures.

में बचाया:
ग्रंथसूची विवरण
मुख्य लेखक: Banks, Erik.
स्वरूप: पुस्तक
भाषा:English
प्रकाशित: Basingstoke : Macmillan, 1997.
संस्करण:2nd ed.
विषय:
टैग : टैग जोड़ें
कोई टैग नहीं, इस रिकॉर्ड को टैग करने वाले पहले व्यक्ति बनें!
Thư viện lưu trữ: Mạng thư viện Đại học Đà Nẵng
LEADER 01126cam a2200397 i 4500
001 000048590
003 8312
005 20030310091230.0
008 010315|1997 vm 000 eng
020 |a 0333694627 
040 |a IRC  |c IRC  |d IRC 
041 0 |a eng 
082 1 4 |a 332.1068  |b BA-E 
100 1 |a Banks, Erik. 
245 0 4 |a The credit risk of complex derivatives /  |c Erik Banks. 
250 |a 2nd ed. 
260 |a Basingstoke :  |b Macmillan,  |c 1997. 
300 |a viii, 393 p. :  |b ill. ;  |c 24cm. 
520 3 |a Derivatives and risk. The credit risk of complex options. The credit risk of complex swaps. The credit risk management of derivative exposures. 
630 0 4 |a Finance. 
630 0 4 |a Economics. 
630 0 4 |a Foreign exchange. 
630 0 4 |a Banks. 
650 0 4 |a Risk management. 
650 0 4 |a Foreign exchange futures. 
650 0 4 |a Derivative securities. 
OWN |a DUT 
999 |a From the UDN01 
TYP |a Monograph 
TYP |a Printed language 
980 |a Mạng thư viện Đại học Đà Nẵng